000 00517nam a2200169 a 4500
005 20260425172205.0
008 260416s2026##################000#0#eng##
020 _a9780333654620
_qhbk
041 _aeng
082 0 4 _a361.610946 MAN
100 _aMangen, S. P
245 1 0 _aSpanish Society after Franco:
_bRegime Transition and the welfare state
_c/S. P Mangen;
260 _aGreat Britain
_bPalgrave
_c2001
300 _a242p. :
_c22cm.
650 _aSocial problems & social welfare in general
942 _cENGLISH
999 _c619489
_d619489